Historia, Geografía y Ciencias Sociales 4º Básico: texto del estudiante
Saved in:
| Main Authors: | , , |
|---|---|
| Format: | Bog |
| Sprog: | spansk |
| Udgivet: |
Santiago
Ediciones SM
2017
|
| Udgivelse: | 1a. ed |
| Fag: | |
| Tags: |
Tilføj Tag
Ingen Tags, Vær først til at tagge denne postø!
|
MARC
| LEADER | 00000cam a2200000 a 4500 | ||
|---|---|---|---|
| 001 | UCC4989 | ||
| 003 | CL-VaPUC | ||
| 008 | 180907e20170000cl |||||||||||||||||spa|d | ||
| 020 | |a 9789563632996 | ||
| 082 | 0 | 4 | |a 372.89 |b FER |2 21 |
| 100 | 0 | |a Fernández Leiva, Cristian |e author |9 599310 | |
| 700 | 0 | |a Fuentes Illanes, Francisco |e author |9 599311 | |
| 700 | 0 | |a Panza Concha, Pedro |e author |9 599312 | |
| 245 | 1 | 0 | |a Historia, Geografía y Ciencias Sociales 4º Básico: texto del estudiante |
| 250 | |a 1a. ed | ||
| 300 | |a 223 p | ||
| 942 | |c BK | ||
| 945 | |d 20180907 13:03:00 |a dcastane | ||
| 260 | |a Santiago |b Ediciones SM |c 2017 | ||
| 650 | 0 | |a Enseñanza de la geografía |9 310005 | |
| 650 | 0 | |a Enseñanza de la historia |9 307330 | |
| 650 | 0 | |a Enseñanza de las ciencias sociales |9 337823 | |
| 650 | 0 | |a Educación básica |9 224933 | |
| 583 | |a last modification |c 20190405 01:06:31 |k Rodrigo Vera | ||
| 999 | |c 372369 |d 372367 | ||
| 952 | |0 0 |1 0 |3 erb |4 0 |6 372_890000000000000_FER_2017 |7 0 |8 A |9 489993 |a BIBEDU |b BIBEDU |i 5499682 |o 372.89 FER 2017 |p 5499682 |r 2019-11-24 |w 2019-11-24 |y BK |z Catalogado en:20180907 |k EPE | ||
| 952 | |0 0 |1 0 |3 erb |4 0 |6 372_890000000000000_FER_2017 |7 0 |8 A |9 489994 |a BIBEDU |b BIBEDU |i 5541751 |o 372.89 FER 2017 |p 5541751 |r 2019-11-24 |w 2019-11-24 |y BK |z Catalogado en:20190409 |k EPE | ||